Changing realities of contemporary leadership. New opportunities for Eastern Europe.

Presun sily efektívneho rozhodovania do súkromného sektoru. Proces adaptácie nových demokracií na globálne trhy, ale tiež na ich fungovanie na týchto trhoch vo forme joint ventures, strategického partnerstva a iných inovatívnych formách spolupráce a kapitálovo a technicky silnými multinacionálnymi s...

ver descrição completa

Na minha lista:
Detalhes bibliográficos
Autor principal: Laszlo, Ervin
Formato: Capítulo de Livro
Idioma:inglês
Assuntos:
Tags: Adicionar Tag
Sem tags, seja o primeiro a adicionar uma tag!

MARC

LEADER 00000naa a2200000 4500
001 r009165
005 20221213084937.4
041 0 |a eng 
044 |a GB 
245 1 0 |a Changing realities of contemporary leadership.  |b New opportunities for Eastern Europe.  |c Ervin Laszlo 
520 |a Presun sily efektívneho rozhodovania do súkromného sektoru. Proces adaptácie nových demokracií na globálne trhy, ale tiež na ich fungovanie na týchto trhoch vo forme joint ventures, strategického partnerstva a iných inovatívnych formách spolupráce a kapitálovo a technicky silnými multinacionálnymi spoločnosťami. Globalizácia podnikania. 
610 2 0 |a reformy hospodárske 
610 2 0 |a rozhodovanie 
610 2 0 |a trh medzinárodný 
610 2 0 |a joint ventures 
610 2 0 |a východná Európa 
610 2 0 |a podnikanie 
610 2 0 |a spolupráca hospodárska medzinárodná 
610 2 0 |a spoločnosti nadnárodné 
610 2 0 |a vzťahy hospodárske medzinárodné 
100 1 |a Laszlo, Ervin